000 02159cad a22002535a 4500
001 L145955
008 081126s2008 xxkbdo f s 000 0 eng d
035 _a(Sirsi) u145955
041 0 _aeng
050 0 4 _a363.58 $2 22
100 2 _aHolmans, Alan
245 0 0 _aHomes for the Future
_ba new analysis of housing need and demand in England
_h[electronic resource]
260 _aLondon
_bShelter
_c2008
505 2 _aKey findings -- Introduction -- How many households to be housed? -- Future households by sector -- Newly arisising need and demand -- Intermediate housing -- Regional analysis -- The backlog of unmet housing need -- Implications for the Government's housing targets -- Appendix: 1 - Methodology -- Appendix 2: Further research
520 _aReports on the Shelter's research on affordable housing needs in England. Aims to find out how many households could be formed by 2026 and their composition; the amount of houses necessary by then; the backlog of social houses needed; the impact of the unmet housing target on the Government and the need for public funding to reach it. As a reminder, the government had planned to deliver annually 45,000 social rented houses and 25,000 low-cost homes by 2011. Suggests that because of the current economic slowdown, the need for affordable homes is more important than expected. To meet this need, there is necessity to build much more social rented and intermediates homes than planned. Shows that the Government and over housing parties need to find other ways to finance affordable housing projects, including having more public funds, to meet the housing targets and help the construction industry.
521 _aAdvanced
590 _aKA NTK
651 4 _aEngland and Wales
_y1543-
690 _aPROPERTY-RESIDENTIAL PROPERTY-DOMESTIC RESIDENTIAL PROPERTY-HOUSING
700 1 _aMonk, Sarah
700 1 _aWhitehead, Christine
856 4 0 _uhttps://england.shelter.org.uk/professional_resources/policy_library/policy_library_folder/homes_for_the_future_-_a_new_analysis_of_housing_need_and_demand_in_england
_zView the item free of charge at england.shelter.org.uk...
942 _n0
999 _c108984
_d108984